Welcome to CU Library Online Public Access Catalogue (OPAC)

Framing the Sign: (Record no. 9599)

MARC details
000 -LEADER
fixed length control field 00412nam a22001457a 4500
005 - DATE AND TIME OF LATEST TRANSACTION
control field 20260423180429.0
008 - FIXED-LENGTH DATA ELEMENTS--GENERAL INFORMATION
fixed length control field 260423b |||||||| |||| 00| 0 eng d
020 ## - INTERNATIONAL STANDARD BOOK NUMBER
International Standard Book Number 0631158960
020 ## - INTERNATIONAL STANDARD BOOK NUMBER
International Standard Book Number 9780631158967
050 ## - LIBRARY OF CONGRESS CALL NUMBER
Classification number PN94
Item number .C86 CUL
100 ## - MAIN ENTRY--PERSONAL NAME
Personal name Culler Jonathan
245 ## - TITLE STATEMENT
Title Framing the Sign:
Remainder of title Criticism and its Institutions/
Statement of responsibility, etc. Jonathan Culler
260 ## - PUBLICATION, DISTRIBUTION, ETC.
Place of publication, distribution, etc. Oxford
Name of publisher, distributor, etc. Basil Blackwell
Date of publication, distribution, etc. 1988
942 ## - ADDED ENTRY ELEMENTS (KOHA)
Source of classification or shelving scheme Library of Congress Classification
Koha item type Books
Suppress in OPAC No
999 ## -
-- 9599
-- 9599
Holdings
Withdrawn status Lost status Source of classification or shelving scheme Damaged status Not for loan Collection Home library Current library Shelving location Date acquired Total checkouts Full call number Barcode Date last seen Copy number Price effective from Koha item type
    Library of Congress Classification     Non-fiction Business Library (Miotso) Business Library (Miotso) General stacks 03/27/2026   PN94 .C86 CUL BSSM00003722 04/23/2026 1 03/27/2026 Books
    Library of Congress Classification     Non-fiction Business Library (Miotso) Business Library (Miotso) General stacks 03/27/2026   PN94 .C86 CUL BSSM00003723 04/23/2026 2 03/27/2026 Books
    Library of Congress Classification     Non-fiction Business Library (Miotso) Business Library (Miotso) General stacks 03/27/2026   PN94 .C86 CUL BSSM00003724 04/23/2026 3 03/27/2026 Books
© 2023-2024 Copyright: Central University Libraries. All Rights Reserved | Created by: Mahone Tech Office